000 00537nam a2200193Ia 4500
003 OSt
005 20221007082757.0
006 a|||||r|||| 00| 0
007 ta
008 221006b |||||||| |||| 00| 0 eng d
024 _a23,475
037 _cDissertations
040 _aFLL
_cFLL
_beng
041 _2eng
_aeng
100 _aSreekumar R.
_9699470
245 0 _aNeed and importance of restorative justice and the scope of Vipassana meditation in the same.
942 _cDIS
_2CC
999 _c1167715
_d1167715